| 000 | 00000nam##2200000za#4500 |
| 001 | 9.700455 |
| 003 | CaOODSP |
| 005 | 20210625000836 |
| 007 | cr ||||||||||| |
| 008 | 150407|1980||||xxc|||||o f|0| 0 eng|d |
| 040 | |aCaOODSP|beng |
| 043 | |an-cn--- |
| 086 | 1 |aA53-1410/1980E-PDF |
| 110 | 1 |aCanada.|bAgriculture Canada. |bInformation Services. |
| 245 | 10|aWhat you should know about coarse grains - barley, rye, oats |h[electronic resource] |
| 246 | 1 |iShort title : |aBarley, rye, oats |
| 250 | |aRev., reprinted 1981 |
| 260 | |aOttawa - Ontario : |bAgriculture Canada. |c1980. |
| 300 | |a12p.|billus., tables |
| 500 | |aContents: Protecting stored products.--Detecting problems.--Identifying the organisms.--Controlling infestations.--Further information.--Common and scientific names of major pests in stored grain.--References.--Additional reading.--Appendix. |
| 500 | |aHistorical publication digitized by Agriculture and Agri-Food Canada. |
| 590 | |a15-03-Supp|b2015-03-13 |
| 775 | 08|tQu'en savez-vous
céréales secondaires – orge, seigle, avoine |w(CaOODSP)9.644342 |
| 856 | 40|ahttp://publications.gc.ca|qPDF|s736 KB|uhttps://publications.gc.ca/collections/collection_2015/aac-aafc/A53-1410-1980-eng.pdf |
| 986 | |aPublication 1410 |